000 00564nam a2200181Ia 4500
005 20250326142112.0
008 250326s9999 xx 000 0 und d
037 _aTextbook
040 _aFMSL
_beng
_cFMSL
041 _aeng
_2eng
084 _aT4.44 M4
_qFMSL
100 _aMehendiratta P R
_9745586
245 0 _aUniversity administration in India and the USA approaches, issues and implications
_cMehendiratta P R
260 _aNew Delhi
_bNew Delhi, Oxford & IBH
_c1984
300 _a390p
942 _cTB
_hT4.44 M4
999 _c1293446
_d1293446